Vật lý
Guardat en:
| Autor principal: | |
|---|---|
| Format: | Llibre |
| Idioma: | Undetermined |
| Publicat: |
Hà Nội
Trường Đại học Nông nghiệp I Hà Nội
1990
|
| Matèries: | |
| Etiquetes: |
Afegir etiqueta
Sense etiquetes, Sigues el primer a etiquetar aquest registre!
|
| Thư viện lưu trữ: | Trung tâm Học liệu Trường Đại học Cần Thơ |
|---|
| LEADER | 00491nam a2200169Ia 4500 | ||
|---|---|---|---|
| 001 | CTU_2085 | ||
| 008 | 210402s9999 xx 000 0 und d | ||
| 082 | |a 530 | ||
| 082 | |b T305 | ||
| 100 | |a Lại Kim Tiến | ||
| 245 | 0 | |a Vật lý | |
| 245 | 0 | |c Lại Kim Tiến, Vũ Tự Tân | |
| 260 | |a Hà Nội | ||
| 260 | |b Trường Đại học Nông nghiệp I Hà Nội | ||
| 260 | |c 1990 | ||
| 650 | |a physics | ||
| 980 | |a Trung tâm Học liệu Trường Đại học Cần Thơ | ||